| 000 | 00000nam 2200000za 4500 |
| 001 | 9.834255 |
| 003 | CaOODSP |
| 005 | 20241203113639 |
| 007 | cr ||||||||||| |
| 008 | 170324s2008 xxcoa #o f|0| 0 eng d |
| 020 | |z978-1-100-10839-1 |
| 040 | |aCaOODSP|beng |
| 043 | |an-cn--- |
| 086 | 1 |aEn56-226/2008E-PDF|zEn56-226/2008E |
| 100 | 1 |aBizikova, Livia. |
| 245 | 10|aCanadian communities' guidebook for adaptation to climate change |h[electronic resource] : |bincluding an approach to generate mitigation co-benefits in the context of sustainable development / |cLivia Bizikova, Tina Neale, Ian Burton. |
| 250 | |aFirst edition. |
| 260 | |aToronto : |bAdaptation and Impacts Research Division, Environment Canada, |c[2008] |
| 300 | |a100 p. : |bphotos, ill. |
| 504 | |aIncludes bibliographic references. |
| 520 | |a"This Guidebook is intended to help those who are looking for ways to reduce the impacts of climate change (increasing heat waves, water shortages, intense storms and sea-level rise) while decreasing GHG emissions and ensuring sustainable development for their communities"--Executive Summary, p. 10. |
| 692 | 07|2gccst|aClimate change |
| 700 | 1 |aNeale, Tina. |
| 700 | 1 |aBurton, Ian. |
| 710 | 1 |aCanada. |bEnvironment Canada. |
| 856 | 40|qPDF|s3.14 MB|uhttps://publications.gc.ca/collections/collection_2017/eccc/En56-226-2008-eng.pdf |